| 000 | 00854cam a2200277 4500 | ||
|---|---|---|---|
| 001 | 3515 | ||
| 005 | 20230410123704.0 | ||
| 008 | 060907n1996 fr fre | ||
| 020 | _a2130394469 | ||
| 035 | _9funglode3532 | ||
| 041 | _afre | ||
| 050 | 1 | 4 |
_aR KJV 115 _bV872 1996 |
| 245 | 0 | 0 |
_aVocabulaire juridique / _cpublié sous la direction de Gérard Cornu |
| 250 | _a5a ed. | ||
| 260 |
_aParis : _bPresses Universitaires de France, _c1996 |
||
| 300 |
_axviii, 839 p. ; _c25 cm. |
||
| 650 | 0 |
_aLaw _zFrance _vDictionaries. |
|
| 650 | 0 |
_aLaw _vDictionaries _xFrench. |
|
| 653 |
_aLaw _aDictionary |
||
| 650 | 6 |
_aDroit _vDictionnaires francais. |
|
| 650 | 6 |
_aDroit _zFrance _vDictionnaires francais. |
|
| 650 | 4 |
_aDerecho _xFrancia _vDiccionarios |
|
| 650 | 4 |
_aDerecho _vDiccionarios _xFrancés |
|
| 700 | 1 | _aCornu, Gérard, dir | |
| 942 |
_2lcc _cbk |
||
| 999 |
_c66317 _d66317 |
||